000 00269nam a2200109 a 4500
005 20140414131908.0
008 101006s19uu xx 00 eng d
050 _aER
_bB48 2001
245 _aBig nose.
260 _aSingapore :
_bEarly Childhood,
_c2001.
999 _c111052
_d111052